Most Successful Countries in the Finalissima - Statistics

General Stats
  • This quiz has been taken 14 times
  • The average score is 4 of 5
Answer Stats
Finals
Record
Answer % Correct
1W, 0L France
100%
0W, 1L Italy
100%
2W, 0L Argentina
86%
0W, 1L Denmark
57%
0W, 1L Uruguay
57%
No matching quizzes found
Score Distribution
Percent of People with Each Score
Percentile by Number Answered
Your Score History
You have not taken this quiz